| 000 | 01034nam a22002657a 4500 | ||
|---|---|---|---|
| 005 | 20170123162336.0 | ||
| 010 | _aA-316688 | ||
| 020 | _c30.00 | ||
| 035 | _aA-316688 | ||
| 037 | _bCen Lib/Ret | ||
| 040 |
_aDPL _bUR |
||
| 082 |
_a841.04 _bع ل ی |
||
| 100 |
_aعلی احمد فاطمی _9124188 |
||
| 245 |
_aفراق گورکھپوری : _cعلی احمد فاطمی اور رفیع الله انصاری _bفن اور شخصیت / |
||
| 246 |
_aFraaq Gorakhpuri : fan aur shakhsiyat / _bby Ali Ahmad Fatmi [and] Rafi Ullah Ansari |
||
| 260 |
_aلکھنؤ _bنصرت پبلیکیشنز _c1986 |
||
| 270 |
_aحیدری مارکیٹ امینآباد _bلکھنؤ _e226018 |
||
| 300 |
_a187p. _c21cm(Hb) |
||
| 650 |
_a ادب - اردو _9124189 |
||
| 650 |
_a اردو سوانح عمری -- فراق _9123297 |
||
| 650 |
_aLiterature -- Urdu _9124190 |
||
| 650 |
_aUrdu biography -- Fraq _9124191 |
||
| 700 |
_a انصاری، رفیع الله _9108766 |
||
| 942 |
_2ddc _cUR _h841.04 _mع ل ی |
||
| 999 |
_c108150 _d108150 |
||